000 00446nam a22001697a 4500
005 20250429163530.0
008 250429b |||||||| |||| 00| 0 eng d
041 _amar
082 _a891.46
_bKUN B22625
100 _aKunte S S
_9211891
245 _aVidya Bhartichya Chintanachi Disha
260 _aPune
_bBharatiya Vichar Sadhana Prakashan
_c2022
300 _a208p
500 _aMarathi Literature
500 _aLiterature
942 _cBK
999 _c366072
_d366072